Chargement en cours...
Introduction to modern literary arabic /
| Auteur principal: | |
|---|---|
| Format: | Printed Book |
| Publié: |
1958.
|
| Édition: | 1st ed. |
| LEADER | 00485nam a2200157Ia 4500 | ||
|---|---|---|---|
| 008 | 150527150527b xxu||||| |||| 00| 0 eng d | ||
| 082 | |a 415 | ||
| 100 | |a Cowan david | ||
| 245 | |c by Cowan david |a Introduction to modern literary arabic / | ||
| 250 | |a 1st ed. | ||
| 260 | |c 1958. | ||
| 300 | |a 205 p. | ||
| 500 | |a shelf no. 17 | ||
| 942 | |c BK | ||
| 999 | |c 170033 |d 170033 | ||
| 952 | |0 0 |1 0 |2 ddc |4 0 |6 810_000000000000000 |7 0 |9 188666 |a ARA |b ARA |c ST1 |d 2015-05-27 |i 3664 |l 0 |o 810 |p ARA003664 |r 2015-05-27 |y BK | ||